|
|
|
|
| LEADER |
00000nam0a2200000 4500 |
| 001 |
366686 |
| 005 |
20231102011915.0 |
| 035 |
|
|
|a (RuTPU)RU\TPU\retro\24049
|
| 090 |
|
|
|a 366686
|
| 100 |
|
|
|a 20220215d1979 km y0rusy50 ca
|
| 101 |
0 |
|
|a rus
|
| 102 |
|
|
|a RU
|
| 105 |
|
|
|a a z 100zy
|
| 200 |
1 |
|
|a Применение полимерных материалов в гидротехническом строительстве
|e IV Всесоюзное научно-техническое совещание, 14-17 мая 1979 г.
|e тезисы докладов
|f Всесоюзный научно-исследовательский институт гидротехники им. Б. Е. Веденеева ; гл. ред. В. Д. Глебов
|
| 210 |
|
|
|a Ленинград
|c Изд-во ВНИИГ
|d 1979
|
| 215 |
|
|
|a 220 с.
|c ил.
|
| 606 |
1 |
|
|a Гидротехническое строительство
|x В целом
|2 stltpush
|3 (RuTPU)RU\TPU\subj\6989
|9 34737
|
| 610 |
1 |
|
|a совладание
|
| 610 |
1 |
|
|a Ленинград
|
| 610 |
1 |
|
|a полимерные материалы
|
| 610 |
1 |
|
|a применение
|
| 610 |
1 |
|
|a асфальтобетонные смеси
|
| 610 |
1 |
|
|a битумполимерные системы
|
| 610 |
1 |
|
|a гидроизоляционные материалы
|
| 610 |
1 |
|
|a асфальтовые материалы
|
| 610 |
1 |
|
|a герметики
|
| 610 |
1 |
|
|a противофильтрационные устройства
|
| 610 |
1 |
|
|a гидроизоляционные работы
|
| 610 |
1 |
|
|a механизация
|
| 675 |
|
|
|a 626/.628(063)
|v 4
|
| 702 |
|
1 |
|a Глебов
|b В. Д.
|4 340
|
| 712 |
0 |
2 |
|a Всесоюзный научно-исследовательский институт гидротехники им. Б. Е. Веденеева
|2 stltpush
|3 (RuTPU)RU\TPU\col\11485
|9 25125
|
| 712 |
1 |
2 |
|a Применение полимерных материалов в гидротехническом строительстве
|c совещание
|d 4
|e Ленинград
|f 1979
|4 570
|
| 801 |
|
1 |
|a RU
|b 63413507
|c 20220215
|
| 942 |
|
|
|c BK
|